Eminencia

Uloženo v:
Podrobná bibliografie
Hlavní autor: West, Morris (Autor)
Médium: Kniha
Jazyk:španělština
Vydáno: Buenos Aires Javier Vergara 1998
Vydání:1a. ed
Témata:
Tagy: Přidat tag
Žádné tagy, Buďte první, kdo vytvoří štítek k tomuto záznamu!

MARC

LEADER 00000cam a2200000 a 4500
001 UCE9732
003 CL-VaPUC
008 151106e19980000ag |||||||||||||||||spa|d
020 |a 9501518477 
082 0 4 |a A823  |b WES  |2 21 
100 0 |a West, Morris  |e author  |9 582621 
245 1 0 |a Eminencia 
250 |a 1a. ed 
300 |a 318 p 
942 |c BK 
945 |d 20151106 14:16:00  |a dcastane 
260 |a Buenos Aires  |b Javier Vergara  |c 1998 
650 0 |a Novelas australianas  |9 315909 
650 0 |a Literatura australiana  |9 353685 
583 |a last modification  |c 20151106 14:16:00  |k Rodrigo Vera 
999 |c 361377  |d 361375 
952 |0 0  |1 0  |3 erd  |4 0  |6 A_823_000000000000000_WES_1998  |7 0  |8 A  |9 471820  |a BIBEDU  |b BIBEDU  |i 5210453  |o A823 WES 1998  |p 5210453  |r 2019-11-24  |w 2019-11-24  |y BK  |z Catalogado en:20151106  |k EDU